[Event "3rd North Wales FIDE Open"]
[Site "Llandudno"]
[Date "2018.06.22"]
[Round "1.1"]
[White "Jones, Steven A"]
[Black "Burns, Martin J"]
[Result "1-0"]
[WhiteElo "2222"]
[BlackElo "1921"]
[PlyCount "61"]
[EventDate "2018.06.22"]
[EventType "swiss"]
[EventRounds "5"]
[EventCountry "WLS"]
[SourceDate "2018.07.24"]

1. e4 e6 2. d4 d5 3. Nc3 Bb4 4. e5 c5 5. a3 Bxc3+ 6. bxc3 Qc7 7. Qg4 f5 8. Qh5+
g6 9. Qd1 cxd4 10. cxd4 Qc3+ 11. Bd2 Qxd4 12. Nf3 Qe4+ 13. Be3 Nc6 14. Bd3 Qa4
15. O-O Nge7 16. Qe2 O-O 17. Rfb1 a6 18. h3 Re8 19. Bc5 b5 20. Qd2 Kg7 21. Qg5
Ng8 22. Qe3 Rb8 23. Nd2 Qa5 24. Nb3 Qc3 25. Bd6 Rb7 26. a4 Nge7 27. Nc5 Ra7 28.
axb5 d4 29. Qg5 axb5 30. Rxa7 Nxa7 31. Bxe7 1-0

[Event "3rd North Wales FIDE Open"]
[Site "Llandudno"]
[Date "2018.06.22"]
[Round "1.2"]
[White "Hayward, Philip"]
[Black "Willow, Jonah B"]
[Result "0-1"]
[WhiteElo "1915"]
[BlackElo "2210"]
[PlyCount "56"]
[EventDate "2018.06.22"]
[EventType "swiss"]
[EventRounds "5"]
[EventCountry "WLS"]
[SourceDate "2018.07.24"]

1. c4 c5 2. g3 Nc6 3. Bg2 g6 4. Nc3 Bg7 5. Nf3 e6 6. d3 Nge7 7. Bg5 h6 8. Bd2
O-O 9. a3 a6 10. Rb1 d5 11. Qc1 dxc4 12. dxc4 Nf5 13. O-O Ncd4 14. Nxd4 cxd4
15. Ne4 e5 16. Nc5 Qc7 17. b4 Rb8 18. h4 b6 19. Ne4 Bb7 20. Qc2 b5 21. Rfc1
bxc4 22. h5 c3 23. Qb3 Nd6 24. Nxd6 Bxg2 25. Kxg2 Qxd6 26. Be1 Kh7 27. Rd1 Qc6+
28. Kg1 c2 0-1

[Event "3rd North Wales FIDE Open"]
[Site "Llandudno"]
[Date "2018.06.22"]
[Round "1.3"]
[White "Surtees, Mike J"]
[Black "Whitehead, Mark A"]
[Result "1-0"]
[WhiteElo "2167"]
[BlackElo "1913"]
[PlyCount "65"]
[EventDate "2018.06.22"]
[EventType "swiss"]
[EventRounds "5"]
[EventCountry "WLS"]
[SourceDate "2018.07.24"]

1. e4 c5 2. a3 b6 3. b4 Bb7 4. Nc3 Nf6 5. e5 Ne4 6. Nxe4 Bxe4 7. Nf3 Bxf3 8.
Qxf3 Nc6 9. Bb2 e6 10. Bb5 Qc8 11. O-O a6 12. Bd3 cxb4 13. Rfe1 Be7 14. h4 h5
15. Qf4 Qd8 16. axb4 Nxb4 17. Be4 Nc6 18. Ra3 g5 19. Qf3 g4 20. Qe3 Bxh4 21.
Qe2 Bg5 22. d4 b5 23. d5 exd5 24. Bxd5 Qb6 25. Bxf7+ Kf8 26. e6 Rh6 27. Rd3
dxe6 28. Bxh5 Bh4 29. g3 Rxh5 30. Qxg4 Rf5 31. Qg7+ Ke8 32. Rxe6+ Be7 33. Qg6+
1-0

[Event "3rd North Wales FIDE Open"]
[Site "Llandudno"]
[Date "2018.06.22"]
[Round "1.4"]
[White "Niedbal, Piotr"]
[Black "Crocker, Philip J"]
[Result "1/2-1/2"]
[WhiteElo "1900"]
[BlackElo "2109"]
[PlyCount "90"]
[EventDate "2018.06.22"]
[EventType "swiss"]
[EventRounds "5"]
[EventCountry "WLS"]
[SourceDate "2018.07.24"]

1. e4 Nf6 2. Nc3 d5 3. e5 Ne4 4. d4 Nxc3 5. bxc3 c5 6. Nf3 Bg4 7. Be2 e6 8. O-O
Nc6 9. Rb1 Qd7 10. Bg5 h6 11. Be3 Be7 12. h3 Bxf3 13. Bxf3 cxd4 14. cxd4 Na5
15. Be2 a6 16. Bd2 Nc4 17. Bxc4 dxc4 18. Qg4 g6 19. Qe4 O-O-O 20. Bb4 Rhe8 21.
c3 Qd5 22. Qf4 g5 23. Qxf7 Bxb4 24. Rxb4 Rf8 25. Qe7 Rfe8 26. Qh7 Rh8 27. Qc2
Rd7 28. Qe2 Rc7 29. Rfb1 h5 30. Rb6 g4 31. h4 Re8 32. R1b4 Qa5 33. Rd6 b5 34.
Qe4 Kb8 35. a4 Ka7 36. axb5 axb5 37. Qg6 Rce7 38. Qb1 Rb7 39. Qg6 Rbe7 40. Qe4
Rc7 41. d5 Qa1+ 42. Qb1 Qxb1+ 43. Rxb1 Rc5 44. Ra1+ Kb7 45. dxe6 Rxe5 1/2-1/2

[Event "3rd North Wales FIDE Open"]
[Site "Llandudno"]
[Date "2018.06.22"]
[Round "1.5"]
[White "Burnett, Jim"]
[Black "Brown, Geoffrey M"]
[Result "1-0"]
[WhiteElo "2105"]
[BlackElo "1877"]
[PlyCount "95"]
[EventDate "2018.06.22"]
[EventType "swiss"]
[EventRounds "5"]
[EventCountry "WLS"]
[SourceDate "2018.07.24"]

1. d4 e6 2. Nf3 f5 3. g3 Nf6 4. Bg2 d5 5. O-O Bd6 6. c4 O-O 7. Nc3 c6 8. Qc2
Ne4 9. Rb1 Nxc3 10. Qxc3 a5 11. c5 Bc7 12. Bf4 Bd7 13. b3 Be8 14. a3 Bh5 15. e3
Bxf3 16. Bxf3 Na6 17. b4 axb4 18. axb4 g5 19. Bxc7 Nxc7 20. Be2 f4 21. f3 Qe8
22. Rfe1 Rf6 23. exf4 gxf4 24. g4 Rh6 25. Bf1 Ra2 26. Rb2 Qa8 27. Qd2 Rxb2 28.
Qxb2 Qd8 29. Qf2 Kf7 30. Bd3 Kg7 31. Re5 Kh8 32. Qd2 Qf8 33. Bf1 Qf7 34. Qe2
Qe7 35. Qd2 Qf8 36. Re1 Rf6 37. Qe2 Qg7 38. Qe5 Rf7 39. Qxg7+ Kxg7 40. Ra1 Kf6
41. Ra7 Ne8 42. b5 Ng7 43. b6 e5 44. dxe5+ Kxe5 45. Ba6 Kd4 46. Bxb7 Ne6 47.
Bxc6 Rf8 48. b7 1-0

[Event "3rd North Wales FIDE Open"]
[Site "Llandudno"]
[Date "2018.06.22"]
[Round "1.6"]
[White "Gamble, Raymond J"]
[Black "Paterson, Andrew I"]
[Result "1-0"]
[WhiteElo "1874"]
[BlackElo "2020"]
[PlyCount "77"]
[EventDate "2018.06.22"]
[EventType "swiss"]
[EventRounds "5"]
[EventCountry "WLS"]
[SourceDate "2018.07.24"]

1. d4 d5 2. Nf3 e6 3. e3 f5 4. c4 c6 5. Nc3 Nf6 6. Ne5 Bd6 7. f4 O-O 8. c5 Be7
9. Be2 b6 10. cxb6 axb6 11. O-O Ba6 12. Bxa6 Rxa6 13. b3 Qc7 14. Bb2 Nbd7 15.
Qe2 Rfa8 16. a4 Bb4 17. Rfc1 Bxc3 18. Rxc3 Nxe5 19. fxe5 Ne4 20. Rcc1 c5 21.
Ba3 Ra5 22. Bb4 R5a6 23. Qb5 Qa7 24. dxc5 bxc5 25. Bxc5 Nxc5 26. Qxc5 Rb6 27.
b4 Ra6 28. Qxa7 R6xa7 29. a5 Rb7 30. Ra4 Ra6 31. Rc5 Rba7 32. Ra2 g5 33. Rac2
Kf8 34. Rc8+ Ke7 35. R2c7+ Rxc7 36. Rxc7+ Kd8 37. Rxh7 Rc6 38. b5 Rc5 39. a6
1-0

[Event "3rd North Wales FIDE Open"]
[Site "Llandudno"]
[Date "2018.06.22"]
[Round "1.7"]
[White "Mueller, Jens"]
[Black "Makkar, Rajat"]
[Result "1/2-1/2"]
[WhiteElo "2008"]
[BlackElo "1835"]
[PlyCount "104"]
[EventDate "2018.06.22"]
[EventType "swiss"]
[EventRounds "5"]
[EventCountry "WLS"]
[SourceDate "2018.07.24"]

1. d4 Nf6 2. Bf4 e6 3. Nf3 c5 4. e3 cxd4 5. exd4 b6 6. Bd3 Bb7 7. Nbd2 Be7 8.
c3 O-O 9. O-O d6 10. Qe2 Nbd7 11. Rad1 a6 12. Rfe1 Nd5 13. Bg3 N7f6 14. Ng5 h6
15. Nxe6 fxe6 16. Qxe6+ Kh8 17. c4 Bc8 18. Qe2 Nb4 19. Bb1 Ra7 20. a3 Nc6 21.
Qd3 d5 22. cxd5 Qxd5 23. Be5 Bd6 24. Bxf6 gxf6 25. Nc4 Rg7 26. g3 Bh3 27. Ne3
Qf3 28. Qe4 Qxe4 29. Bxe4 Na7 30. Nf5 Bxf5 31. Bxf5 Rg5 32. Bd3 Nb5 33. Re6 Rd5
34. Bc4 Rg5 35. Bxb5 Rxb5 36. Rxd6 Rxb2 37. Rc6 Kg7 38. Rc7+ Kg6 39. d5 Re8 40.
Rc3 Ree2 41. Rf3 Red2 42. Rc1 Rxd5 43. Rc6 Rf5 44. Rxf5 Kxf5 45. a4 a5 46. Kg2
Rb4 47. f4 h5 48. Kh3 Kg6 49. Kh4 Rb2 50. h3 Rb4 51. Rd6 Rxa4 52. Rxb6 Rb4
1/2-1/2

[Event "3rd North Wales FIDE Open"]
[Site "Llandudno"]
[Date "2018.06.22"]
[Round "1.8"]
[White "Camp, Imogen A L"]
[Black "Taylor, Mark V"]
[Result "1-0"]
[WhiteElo "1832"]
[BlackElo "1978"]
[PlyCount "89"]
[EventDate "2018.06.22"]
[EventType "swiss"]
[EventRounds "5"]
[EventCountry "WLS"]
[SourceDate "2018.07.24"]

1. d4 e6 2. Nf3 b6 3. Bf4 Bb7 4. e3 Nf6 5. Bd3 Be7 6. Nbd2 c5 7. c3 O-O 8. h3
d6 9. Qe2 Nc6 10. O-O Re8 11. e4 cxd4 12. cxd4 Nb4 13. Bb5 Bc6 14. Bxc6 Nxc6
15. Rac1 Qd7 16. Rfd1 Rac8 17. Nc4 d5 18. Nce5 Qb7 19. Nxc6 Rxc6 20. Rxc6 Qxc6
21. Rc1 Qd7 22. e5 Ne4 23. Qc2 h6 24. Ne1 Bg5 25. Bxg5 Nxg5 26. Nd3 g6 27. f3
Kg7 28. a4 Nh7 29. b4 Nf8 30. b5 g5 31. Nb4 Ng6 32. Qc7 Re7 33. Qb8 Qb7 34. Qd8
Qd7 35. Qb8 Qb7 36. Rc8 Qxb8 37. Rxb8 Nh4 38. Nc6 Rc7 39. Ra8 Nf5 40. Kf2 h5
41. g4 hxg4 42. hxg4 Nxd4 43. Nxd4 Rc4 44. Nc6 Rxa4 45. Rxa7 1-0

[Event "3rd North Wales FIDE Open"]
[Site "Llandudno"]
[Date "2018.06.22"]
[Round "1.9"]
[White "Benson, Paul J"]
[Black "Krupenko, Peter"]
[Result "1-0"]
[WhiteElo "1951"]
[BlackElo "1716"]
[PlyCount "43"]
[EventDate "2018.06.22"]
[EventType "swiss"]
[EventRounds "5"]
[EventCountry "WLS"]
[SourceDate "2018.07.24"]

1. e4 Nf6 2. Nc3 d5 3. e5 d4 4. exf6 dxc3 5. bxc3 exf6 6. Bc4 Bd6 7. Ne2 O-O 8.
O-O b6 9. Ng3 Bb7 10. d4 Qd7 11. Be2 c5 12. Bf3 Qc7 13. Nf5 Nc6 14. Bh6 gxh6
15. Bxc6 Bxh2+ 16. Kh1 Bf4 17. Bxb7 Qxb7 18. Qg4+ Bg5 19. f4 Kh8 20. fxg5 Rg8
21. Nxh6 Rxg5 22. Nxf7+ 1-0

[Event "3rd North Wales FIDE Open"]
[Site "Llandudno"]
[Date "2018.06.22"]
[Round "1.10"]
[White "Jameson, David"]
[Black "De Coverly, Roger D"]
[Result "1-0"]
[WhiteElo "2064"]
[BlackElo "1939"]
[PlyCount "65"]
[EventDate "2018.06.22"]
[EventType "swiss"]
[EventRounds "5"]
[EventCountry "WLS"]
[SourceDate "2018.07.24"]

1. e4 e5 2. d4 exd4 3. c3 d5 4. exd5 Qxd5 5. cxd4 Nc6 6. Nf3 Bg4 7. Be2 Bb4+ 8.
Nc3 Bxf3 9. Bxf3 Qc4 10. Bxc6+ bxc6 11. Qe2+ Qxe2+ 12. Kxe2 O-O-O 13. Be3 Ne7
14. Rac1 Rhe8 15. Rhd1 Nf5 16. Kf3 Nxe3 17. fxe3 f5 18. Ne2 Kb7 19. Rc4 Bf8 20.
Rdc1 Rd6 21. R1c3 g5 22. Nc1 g4+ 23. Kf2 Rh6 24. Nb3 Rxh2 25. Na5+ Ka8 26. Nxc6
a6 27. Rb3 Rh6 28. d5 f4 29. Ra4 g3+ 30. Kg1 Rxc6 31. dxc6 Bc5 32. Rxa6+ Ba7
33. Rb7 1-0

[Event "3rd North Wales FIDE Open"]
[Site "Llandudno"]
[Date "2018.06.23"]
[Round "2.1"]
[White "Benson, Paul J"]
[Black "Jones, Steven A"]
[Result "0-1"]
[WhiteElo "1951"]
[BlackElo "2222"]
[PlyCount "94"]
[EventDate "2018.06.22"]
[EventType "swiss"]
[EventRounds "5"]
[EventCountry "WLS"]
[SourceDate "2018.07.24"]

1. e4 c5 2. Nf3 Nc6 3. d4 cxd4 4. Nxd4 e5 5. Nf3 Nf6 6. Bc4 Be7 7. O-O d6 8.
Nc3 O-O 9. h3 a6 10. a4 Be6 11. Qe2 Rc8 12. Nd5 Bxd5 13. Bxd5 Nxd5 14. exd5 Nb8
15. c4 f5 16. b3 Nd7 17. Nh2 a5 18. Rb1 Nc5 19. f3 Rf7 20. Be3 Bf6 21. Rfc1 Bg5
22. Nf1 Bxe3+ 23. Nxe3 f4 24. Nf1 g5 25. Nd2 h5 26. Ne4 b6 27. Kf2 Rg7 28. Nxc5
bxc5 29. Rh1 Rb8 30. Qe4 Qf6 31. Ke2 Rgb7 32. Qd3 Kg7 33. Kd2 Qg6 34. Qxg6+
Kxg6 35. Kc2 Kf5 36. Kc3 Re8 37. Rbe1 Rbe7 38. Re4 Rg8 39. Re2 Rh8 40. Kc2 Reh7
41. Kc3 g4 42. hxg4+ hxg4 43. fxg4+ Kxg4 44. Rf1 Rh1 45. Rff2 Rc1+ 46. Kb2 Rhh1
47. Ka2 Rcf1 0-1

[Event "3rd North Wales FIDE Open"]
[Site "Llandudno"]
[Date "2018.06.23"]
[Round "2.2"]
[White "Willow, Jonah B"]
[Black "Gamble, Raymond J"]
[Result "1-0"]
[WhiteElo "2210"]
[BlackElo "1874"]
[PlyCount "41"]
[EventDate "2018.06.22"]
[EventType "swiss"]
[EventRounds "5"]
[EventCountry "WLS"]
[SourceDate "2018.07.24"]

1. Nc3 d5 2. e4 dxe4 3. Nxe4 Nf6 4. Ng3 g6 5. Bc4 Bg7 6. d3 O-O 7. Nf3 Nc6 8.
O-O Na5 9. Bb3 Nxb3 10. axb3 Bg4 11. Re1 e6 12. h3 Bxf3 13. Qxf3 Qd5 14. Qe2
Rfd8 15. Bf4 c5 16. Be5 a6 17. Ra5 Nd7 18. Bxg7 Kxg7 19. Qd2 b6 20. Ra4 Nf6 21.
Qc3 1-0

[Event "3rd North Wales FIDE Open"]
[Site "Llandudno"]
[Date "2018.06.23"]
[Round "2.3"]
[White "Camp, Imogen A L"]
[Black "Surtees, Mike J"]
[Result "0-1"]
[WhiteElo "1832"]
[BlackElo "2167"]
[PlyCount "84"]
[EventDate "2018.06.22"]
[EventType "swiss"]
[EventRounds "5"]
[EventCountry "WLS"]
[SourceDate "2018.07.24"]

1. d4 e6 2. Nf3 Nf6 3. Bf4 h6 4. h3 d5 5. e3 Bd6 6. Bxd6 cxd6 7. Nbd2 b6 8. Bd3
Bb7 9. Qe2 Ne4 10. c4 a6 11. Rc1 Nd7 12. cxd5 exd5 13. Nb1 O-O 14. O-O Re8 15.
Nfd2 Ndf6 16. Rc2 Re7 17. Rfc1 b5 18. Qd1 Qb6 19. Nxe4 dxe4 20. Bf1 Nd5 21. a3
Kh7 22. Nc3 Nf6 23. Ne2 Rf8 24. Nf4 g5 25. Ne2 h5 26. b3 Kg6 27. a4 b4 28. Kh2
h4 29. Ng1 Nd5 30. Ne2 f5 31. Qd2 Kg7 32. g3 hxg3+ 33. fxg3 Qd8 34. Bg2 a5 35.
Rg1 Re6 36. Rcc1 Qf6 37. Rcf1 Qh6 38. Qe1 Nxe3 39. Rf2 Ng4+ 40. Kh1 Nxf2+ 41.
Qxf2 e3 42. Qf1 Qxh3# 0-1

[Event "3rd North Wales FIDE Open"]
[Site "Llandudno"]
[Date "2018.06.23"]
[Round "2.4"]
[White "Jameson, David"]
[Black "Burnett, Jim"]
[Result "1/2-1/2"]
[WhiteElo "2064"]
[BlackElo "2105"]
[PlyCount "47"]
[EventDate "2018.06.22"]
[EventType "swiss"]
[EventRounds "5"]
[EventCountry "WLS"]
[SourceDate "2018.07.24"]

1. d4 d5 2. c4 e6 3. Nc3 Be7 4. Nf3 Nf6 5. Bg5 O-O 6. e3 h6 7. Bh4 b6 8. cxd5
Nxd5 9. Bxe7 Qxe7 10. Nxd5 exd5 11. Rc1 Be6 12. Bd3 c5 13. dxc5 bxc5 14. O-O
Nd7 15. Qc2 Rab8 16. b3 Rfc8 17. h3 Qd8 18. Rfd1 Qa5 19. Bh7+ Kh8 20. Bf5 Qa6
21. Bd3 Qa3 22. Bf5 Qa6 23. Bd3 Qa3 24. Bf5 1/2-1/2

[Event "3rd North Wales FIDE Open"]
[Site "Llandudno"]
[Date "2018.06.23"]
[Round "2.6"]
[White "Carroll, Thomas"]
[Black "Mueller, Jens"]
[Result "1-0"]
[WhiteElo "1914"]
[BlackElo "2008"]
[PlyCount "103"]
[EventDate "2018.06.22"]
[EventType "swiss"]
[EventRounds "5"]
[EventCountry "WLS"]
[SourceDate "2018.07.24"]

1. d4 g6 2. e4 Bg7 3. c3 d5 4. e5 c5 5. Nf3 Bg4 6. Nbd2 cxd4 7. cxd4 Nc6 8. Qb3
Qd7 9. Bd3 e6 10. O-O Nge7 11. h3 Bf5 12. a3 O-O 13. Bxf5 Nxf5 14. Qd3 b6 15.
b4 Rac8 16. Bb2 f6 17. exf6 Bxf6 18. Rfe1 Rfe8 19. Re2 Re7 20. Rae1 Rce8 21.
Bc3 Rg7 22. b5 Nd8 23. Bb4 Nf7 24. Rc1 Rc8 25. Rxc8+ Qxc8 26. Nb3 N7d6 27. g4
Ne4 28. Rc2 Qe8 29. gxf5 gxf5+ 30. Kf1 Qh5 31. Rc8+ Kf7 32. Rc7+ Kg6 33. Rxg7+
Kxg7 34. Ne5 Qh4 35. Qf3 Ng5 36. Qg3 Qe4 37. h4 Qh1+ 38. Ke2 Qe4+ 39. Kd2 f4
40. Qg1 f3 41. hxg5 Qe2+ 42. Kc3 Bxe5 43. dxe5 Qxe5+ 44. Nd4 Qc7+ 45. Nc6 Qf4
46. Qe1 Qc4+ 47. Kb2 Qxb5 48. Qe5+ Kg6 49. Qxe6+ Kh5 50. Nd4 Qd3 51. Qh3+ Kg6
52. Qh6+ 1-0

[Event "3rd North Wales FIDE Open"]
[Site "Llandudno"]
[Date "2018.06.23"]
[Round "2.7"]
[White "Sciupokas, Arunas"]
[Black "Niedbal, Piotr"]
[Result "1-0"]
[WhiteElo "1944"]
[BlackElo "1900"]
[PlyCount "59"]
[EventDate "2018.06.22"]
[EventType "swiss"]
[EventRounds "5"]
[EventCountry "WLS"]
[SourceDate "2018.07.24"]

1. e4 d5 2. exd5 Qxd5 3. Nc3 Qd6 4. d4 Nf6 5. Nf3 a6 6. Be2 Nc6 7. O-O Bg4 8.
Na4 h6 9. c4 e6 10. Nc5 Rb8 11. Be3 Be7 12. b4 O-O 13. b5 axb5 14. cxb5 Na7 15.
h3 Bh5 16. Rc1 Nd5 17. Ne5 Bxe2 18. Qxe2 Nf6 19. a4 Qd8 20. Qf3 Qc8 21. b6 Nc6
22. Nxc6 bxc6 23. b7 Qe8 24. Rb1 Nd5 25. Na6 Nc3 26. Nxb8 Qxb8 27. Rb3 Nxa4 28.
Qxc6 Nb6 29. Ra1 Rd8 30. Rxb6 1-0

[Event "3rd North Wales FIDE Open"]
[Site "Llandudno"]
[Date "2018.06.23"]
[Round "2.8"]
[White "Shakespeare, John"]
[Black "Gogia, Armaan"]
[Result "1-0"]
[WhiteElo "1943"]
[BlackElo "1679"]
[PlyCount "79"]
[EventDate "2018.06.22"]
[EventType "swiss"]
[EventRounds "5"]
[EventCountry "WLS"]
[SourceDate "2018.07.24"]

1. d4 Nf6 2. Nf3 g6 3. c4 Bg7 4. Nc3 O-O 5. e4 d6 6. Be2 e5 7. d5 a5 8. Bg5 h6
9. Bh4 Na6 10. Nd2 Qe8 11. a3 Bd7 12. O-O Nh7 13. b3 f5 14. exf5 Bxf5 15. Nde4
Bxe4 16. Nxe4 Rf4 17. Bd3 Rxh4 18. Qc2 Rf4 19. g3 Rf8 20. Rab1 Nf6 21. b4 Nxe4
22. Bxe4 Rf6 23. c5 Bf8 24. c6 axb4 25. axb4 bxc6 26. dxc6 Kg7 27. Bd5 Qb8 28.
b5 Nc5 29. b6 Ra6 30. b7 Be7 31. Ra1 Rf8 32. Rxa6 Nxa6 33. Ra1 Qa7 34. Qe2 Bg5
35. Rxa6 Qd4 36. Bf3 Qc3 37. Kg2 Qb3 38. Ra8 h5 39. h4 Bh6 40. Rc8 1-0

[Event "3rd North Wales FIDE Open"]
[Site "Llandudno"]
[Date "2018.06.23"]
[Round "2.9"]
[White "Makkar, Rajat"]
[Black "Paterson, Andrew I"]
[Result "1/2-1/2"]
[WhiteElo "1835"]
[BlackElo "2020"]
[PlyCount "78"]
[EventDate "2018.06.22"]
[EventType "swiss"]
[EventRounds "5"]
[EventCountry "WLS"]
[SourceDate "2018.07.24"]

1. d4 d5 2. c4 e6 3. g3 dxc4 4. Qa4+ Nc6 5. Bg2 Qd6 6. Bxc6+ Qxc6 7. Qxc6+ bxc6
8. Nf3 c5 9. dxc5 Bxc5 10. Bf4 Rb8 11. Bxc7 Bb4+ 12. Kf1 Rb7 13. Be5 f6 14. Bc3
e5 15. Nfd2 Bh3+ 16. Ke1 Be6 17. a3 Bxc3 18. bxc3 Ne7 19. a4 O-O 20. e4 Rfb8
21. Na3 Nc8 22. Ke2 Nb6 23. a5 Na4 24. Naxc4 Nxc3+ 25. Kf3 Rb4 26. Ne3 Rd4 27.
Rhc1 Rxd2 28. Rxc3 Rbb2 29. Nd1 Ra2 30. Rxa2 Rxa2 31. Rc5 h5 32. Ne3 Ra4 33.
Rc6 Bg4+ 34. Nxg4 hxg4+ 35. Kxg4 Rxa5 36. Kf5 Kh7 37. h4 Ra2 38. f4 exf4 39.
gxf4 a5 1/2-1/2

[Event "3rd North Wales FIDE Open"]
[Site "Llandudno"]
[Date "2018.06.23"]
[Round "2.10"]
[White "Taylor, Mark V"]
[Black "Hayward, Philip"]
[Result "0-1"]
[WhiteElo "1978"]
[BlackElo "1915"]
[PlyCount "88"]
[EventDate "2018.06.22"]
[EventType "swiss"]
[EventRounds "5"]
[EventCountry "WLS"]
[SourceDate "2018.07.24"]

1. d4 f5 2. Nc3 Nf6 3. Bg5 d5 4. Bxf6 exf6 5. e3 Be6 6. Bd3 Nc6 7. Qf3 Qd7 8.
Nge2 Ne7 9. Nf4 Bf7 10. O-O-O O-O-O 11. h3 h5 12. g4 hxg4 13. hxg4 Rxh1 14.
Rxh1 fxg4 15. Qg2 f5 16. Rh8 c6 17. Nce2 g6 18. Ng3 Qd6 19. Qh2 Qf6 20. Rh7 Bg7
21. c3 a6 22. Kb1 Rh8 23. Rxh8+ Bxh8 24. Bc2 Bg7 25. Nd3 Qg5 26. Qh1 Ng8 27.
Qf1 Qd8 28. Nc5 Bf8 29. Nd3 Bd6 30. Ne2 Nf6 31. Nec1 Qe7 32. Nb3 Ne4 33. Qg2 g5
34. f3 gxf3 35. Qxf3 Bg6 36. Ndc5 g4 37. Qh1 Bxc5 38. dxc5 Kb8 39. Qh6 Be8 40.
Qf4+ Ka7 41. Qxf5 g3 42. Bxe4 Qxe4+ 43. Qxe4 dxe4 44. Nd4 Bh5 0-1

[Event "3rd North Wales FIDE Open"]
[Site "Llandudno"]
[Date "2018.06.23"]
[Round "2.11"]
[White "De Coverly, Roger D"]
[Black "Whitehead, Mark A"]
[Result "1-0"]
[WhiteElo "1939"]
[BlackElo "1913"]
[PlyCount "121"]
[EventDate "2018.06.22"]
[EventType "swiss"]
[EventRounds "5"]
[EventCountry "WLS"]
[SourceDate "2018.07.24"]

1. Nf3 Nf6 2. g3 d6 3. d4 c5 4. Bg2 cxd4 5. Nxd4 g6 6. O-O Bg7 7. Nc3 O-O 8. h3
a6 9. Be3 h6 10. Qd2 Kh7 11. a4 Qc7 12. a5 Bd7 13. Na4 Nc6 14. Nb6 Rab8 15. c4
Nxd4 16. Bxd4 Bc6 17. Nd5 Nxd5 18. cxd5 Bb5 19. Rfc1 Qd7 20. Bxg7 Kxg7 21. Ra3
Rbc8 22. Rac3 Kh7 23. e3 Rfd8 24. Qc2 Rxc3 25. Qxc3 Qe8 26. Qc7 Rb8 27. Rc3 Kg7
28. Kh2 Bd7 29. Rb3 Bb5 30. e4 Qd7 31. Qxd7 Bxd7 32. Bf1 Ba4 33. Rb4 Bc2 34. f3
f5 35. Bxa6 Ra8 36. Bxb7 Rxa5 37. Kg2 Rc5 38. Kf2 Bb1 39. Ke3 Kf6 40. Bc6 e6
41. h4 g5 42. h5 Ba2 43. Kd4 e5+ 44. Ke3 f4+ 45. gxf4 exf4+ 46. Kd2 Bb1 47. Ba4
Ke5 48. Bb3 g4 49. fxg4 Bxe4 50. Rb8 Bxd5 51. Bxd5 Rxd5+ 52. Ke2 f3+ 53. Kxf3
Rd3+ 54. Ke2 Rg3 55. Rb4 d5 56. Kf2 Rh3 57. Kg2 Rd3 58. g5 hxg5 59. h6 Kf6 60.
h7 Kg7 61. Rb7+ 1-0

[Event "3rd North Wales FIDE Open"]
[Site "Llandudno"]
[Date "2018.06.23"]
[Round "2.12"]
[White "Burns, Martin J"]
[Black "Brown, Geoffrey M"]
[Result "1/2-1/2"]
[WhiteElo "1921"]
[BlackElo "1877"]
[PlyCount "80"]
[EventDate "2018.06.22"]
[EventType "swiss"]
[EventRounds "5"]
[EventCountry "WLS"]
[SourceDate "2018.07.24"]

1. e4 e6 2. d4 d5 3. e5 c5 4. c3 Nc6 5. Nf3 Bd7 6. a3 f6 7. Bd3 fxe5 8. Nxe5
Nxe5 9. dxe5 g6 10. O-O Qc7 11. Re1 Bg7 12. Qe2 O-O-O 13. Nd2 Nh6 14. Nf3 Nf7
15. Bf4 Rhf8 16. Bg3 Bh6 17. Rab1 Ng5 18. Nxg5 Bxg5 19. Qg4 Be7 20. c4 d4 21.
b4 Kb8 22. Rb2 b6 23. b5 h5 24. Qe4 g5 25. h3 Bc8 26. a4 Bb7 27. Qg6 h4 28. Bh2
Qd7 29. Be4 Rg8 30. Qh5 g4 31. hxg4 Rh8 32. Qf7 Rdf8 33. Qg7 Rfg8 34. Qf7 Rf8
35. Qg7 Rhg8 36. Qh7 Rh8 37. Qg6 Rhg8 38. Qh7 Rh8 39. Qg6 Rhg8 40. Qh7 Rh8
1/2-1/2

[Event "3rd North Wales FIDE Open"]
[Site "Llandudno"]
[Date "2018.06.23"]
[Round "3.1"]
[White "Jones, Steven A"]
[Black "Willow, Jonah B"]
[Result "0-1"]
[WhiteElo "2222"]
[BlackElo "2210"]
[PlyCount "98"]
[EventDate "2018.06.22"]
[EventType "swiss"]
[EventRounds "5"]
[EventCountry "WLS"]
[SourceDate "2018.07.24"]

1. e4 c5 2. Nf3 e6 3. d4 cxd4 4. Nxd4 Nc6 5. Nc3 Qc7 6. Be3 Nf6 7. Bd3 Nxd4 8.
Bxd4 Bc5 9. Nb5 Qb6 10. Bxc5 Qxc5 11. O-O a6 12. b4 Qb6 13. e5 axb5 14. exf6
gxf6 15. Qe2 d6 16. Bxb5+ Bd7 17. Bxd7+ Kxd7 18. c4 Ke7 19. Rab1 Rhg8 20. Rfc1
Rg5 21. g3 Qa6 22. Rc2 Rc8 23. h4 Re5 24. Qd3 h5 25. Rd1 Rd5 26. cxd5 Qxd3 27.
Rxd3 Rxc2 28. a4 Rb2 29. Rd4 f5 30. Kf1 Kf6 31. dxe6 Kxe6 32. b5 d5 33. Rd3 Rb4
34. Re3+ Kd6 35. Ra3 d4 36. Ke2 Kd5 37. Ra2 Rb3 38. f3 d3+ 39. Ke3 Kc4 40. Ra1
Rb2 41. Rc1+ Rc2 42. Rxc2+ dxc2 43. Kd2 Kb3 44. Kc1 f4 45. gxf4 Kxa4 46. Kxc2
Kxb5 47. Kd3 Kc5 48. Ke4 b5 49. f5 f6 0-1

[Event "3rd North Wales FIDE Open"]
[Site "Llandudno"]
[Date "2018.06.23"]
[Round "3.2"]
[White "Surtees, Mike J"]
[Black "Sciupokas, Arunas"]
[Result "1/2-1/2"]
[WhiteElo "2167"]
[BlackElo "1944"]
[PlyCount "114"]
[EventDate "2018.06.22"]
[EventType "swiss"]
[EventRounds "5"]
[EventCountry "WLS"]
[SourceDate "2018.07.24"]

1. e4 d6 2. g3 Nf6 3. Bg2 e5 4. d4 exd4 5. Ne2 Nc6 6. O-O Be7 7. Nxd4 Nxd4 8.
Qxd4 O-O 9. Nc3 Bd7 10. h3 Qc8 11. Kh2 Bc6 12. Be3 b5 13. a4 a6 14. Rfe1 Qb7
15. Nd5 Nxd5 16. exd5 Bd7 17. a5 Bf6 18. Qb4 Bf5 19. c4 Rab8 20. c5 Rfe8 21. g4
Bg6 22. f4 Bd3 23. cxd6 cxd6 24. g5 Be7 25. Rac1 Bf5 26. Bb6 Qa8 27. Bc7 Rbc8
28. Bf3 Qa7 29. Bb6 Qd7 30. Bg2 Bf8 31. Qd2 Rxe1 32. Qxe1 Rxc1 33. Qxc1 Qc8 34.
Qc6 Bd7 35. Qc7 Qxc7 36. Bxc7 Be7 37. Bf3 Kf8 38. Be4 h6 39. h4 f6 40. gxh6
gxh6 41. f5 Be8 42. Bf3 Bf7 43. b4 Ke8 44. Bb6 Bf8 45. Bd4 Ke7 46. Kg3 Bg7 47.
Kf4 Kd7 48. Ke4 Kc7 49. Bb6+ Kd7 50. Be2 Kc8 51. Be3 Bf8 52. Bf4 Kc7 53. Be3
Bg7 54. Bb6+ Kc8 55. Kd4 Bf8 56. Ke4 Bg7 57. Bd4 Kc7 1/2-1/2

[Event "3rd North Wales FIDE Open"]
[Site "Llandudno"]
[Date "2018.06.23"]
[Round "3.3"]
[White "Burnett, Jim"]
[Black "Carroll, Thomas"]
[Result "0-1"]
[WhiteElo "2105"]
[BlackElo "1914"]
[PlyCount "138"]
[EventDate "2018.06.22"]
[EventType "swiss"]
[EventRounds "5"]
[EventCountry "WLS"]
[SourceDate "2018.07.24"]

1. d4 Nf6 2. c4 c5 3. d5 e6 4. Nc3 exd5 5. cxd5 d6 6. g3 g6 7. Bg2 Bg7 8. Nf3
O-O 9. O-O Re8 10. Nd2 Nbd7 11. h3 a6 12. a4 Rb8 13. Nc4 Ne5 14. Na3 Qc7 15. e4
Ned7 16. f4 c4 17. Qe2 b5 18. axb5 axb5 19. Ncxb5 Rxb5 20. Nxb5 Qc5+ 21. Kh2
Qxb5 22. Qc2 Nc5 23. e5 Bf5 24. Qc3 Nfe4 25. Qa5 Qxa5 26. Rxa5 dxe5 27. g4 Bc8
28. f5 Nb3 29. Ra7 Nd6 30. f6 Nxc1 31. fxg7 Nd3 32. Rf6 Rd8 33. Ra8 Kxg7 34.
Rxd6 Rxd6 35. Rxc8 Nxb2 36. Rc6 Rxc6 37. dxc6 Na4 38. g5 c3 39. Be4 Kf8 40. Bc2
Nb6 41. Kg3 Ke7 42. Kf3 Kd6 43. Be4 Nc8 44. Ke3 Ne7 45. Kd3 Nxc6 46. Kxc3 Kc5
47. h4 Nb4 48. Bf3 Nd5+ 49. Kd3 Kd6 50. Ke4 f5+ 51. gxf6 Nxf6+ 52. Ke3 Ke6 53.
Bb7 Ne8 54. Kf3 Nd6 55. Bc6 h5 56. Kg3 Nf5+ 57. Kh3 Kf6 58. Bd5 Ne3 59. Be4 Nf1
60. Bc2 Nd2 61. Kg3 Nc4 62. Bb1 Nd6 63. Bc2 e4 64. Kf4 Nf5 65. Bxe4 Nxh4 66.
Bc2 g5+ 67. Kg3 Nf5+ 68. Kh3 g4+ 69. Kh2 Kg5 0-1